ARRUPE JESUIT UNIVERSITY

CORONAVIRUS -STOP THE SPREAD - CLEAN,DISINFECT,COVER

Stephen Hawking : (Record no. 131169)

MARC details
000 -LEADER
fixed length control field 03664cam a2200397 a 4500
001 - CONTROL NUMBER
control field 16961530
003 - CONTROL NUMBER IDENTIFIER
control field ARRUPE
005 - DATE AND TIME OF LATEST TRANSACTION
control field 20220330100455.0
008 - FIXED-LENGTH DATA ELEMENTS--GENERAL INFORMATION
fixed length control field 110914s2012 nyuaf b 001 0beng
010 ## - LIBRARY OF CONGRESS CONTROL NUMBER
LC control number 2011038690
020 ## - INTERNATIONAL STANDARD BOOK NUMBER
International Standard Book Number 9780230340602 (hardback)
020 ## - INTERNATIONAL STANDARD BOOK NUMBER
International Standard Book Number 0230340601 (hardback)
035 ## - SYSTEM CONTROL NUMBER
System control number (OCoLC)ocn744290607
040 ## - CATALOGING SOURCE
Original cataloging agency DLC
Language of cataloging eng
Transcribing agency DLC
Modifying agency BTCTA
-- YDXCP
-- MOF
-- IK2
-- ABG
-- OCLCQ
-- TXA
-- BDX
-- BWX
-- IHV
-- DLC
042 ## - AUTHENTICATION CODE
Authentication code pcc
043 ## - GEOGRAPHIC AREA CODE
Geographic area code e-uk---
050 00 - LIBRARY OF CONGRESS CALL NUMBER
Classification number QC16.H33
Item number F465 2012
082 00 - DEWEY DECIMAL CLASSIFICATION NUMBER
Classification number 530.092
-- B
Edition number 23
084 ## - OTHER CLASSIFICATION NUMBER
Classification number BIO015000
-- SCI034000
Source of number bisacsh
300 ## - PHYSICAL DESCRIPTION
Other physical details ill. ;
Dimensions 25 cm.
100 1# - MAIN ENTRY--PERSONAL NAME
Personal name Ferguson, Kitty.
9 (RLIN) 51075
245 10 - TITLE STATEMENT
Title Stephen Hawking :
Remainder of title quest for a theory of everything /
Statement of responsibility, etc Kitty Ferguson.
250 ## - EDITION STATEMENT
Edition statement 1st ed.
260 ## - PUBLICATION, DISTRIBUTION, ETC. (IMPRINT)
Place of publication, distribution, etc New York, N.Y. :
Name of publisher, distributor, etc Bantam Books,
Date of publication, distribution, etc 2012.
300 ## - PHYSICAL DESCRIPTION
Extent viii, 310 p., [16] p. of plates :
504 ## - BIBLIOGRAPHY, ETC. NOTE
Bibliography, etc Includes bibliographical references (p. [287]-295) and index.
505 0# - FORMATTED CONTENTS NOTE
Formatted contents note 1942-1975. "The quest for a theory of everything" ; "Our goal is nothing less than a complete description of the universe we live in" ; "Equal to anything" ; "The realization that I had an incurable disease, that was likely to kill me in a few years, was a bit of a shock" ; "The big question was, was there a beginning or not?" ; "There is a singularity in our past" -- 1970-1990. "These people must think we are used to an astronomical standard of living" ; "Scientists usually assume there is a unique link between the past and the future, cause and effect. If information is lost, this link does not exist" ; "The odds against a universe that has produced life like ours are immense" ; "In all my travels, I have not managed to fall off the edge of the world" ; "It's turtles all the way down" ; "The field of baby universes is in its infancy" -- 1990-2000. "Is the end in sight for theoretical physics?" ; Between film roles, I enjoy solving physics problems" ; "I think we have a good chance of avoiding both Armageddon and a new Dark Age" ; "It seems clear to me" -- 2000-2011. "An expanding horizon of possibilities ; "Grandad has wheels" ; "I've always gone in a somewhat different direction" ; "My name is Stephen Hawking : physicist, cosmologist and something of a dreamer."
520 ## - SUMMARY, ETC.
Summary, etc "Stephen Hawking has been an iconic figure in physics for the last half a century, making many groundbreaking discoveries on the nature of the universe. Yet while his mind roams to the farthest corners of reality, his body has become increasingly trapped by the advance of Lou Gehrig's disease, which has bound him to a wheelchair, without speech or movement except for a few facial muscles. Told in his youth that he would not live past his 20s, Hawking will turn 70 in 2012, and today he continues to inspire millions, drawing rock-concert-sized crowds wherever he lectures. Science writer Kitty Ferguson has been working with Stephen Hawking for decades, and produced an internationally bestselling biography of his life in 1992. Now, she brings his life as well as his scientific discoveries up-to-date. This is a remarkable look at how one of the greatest scientific mind alive overcame the odds to become the truly inspirational figure he is today"--
600 10 - SUBJECT ADDED ENTRY--PERSONAL NAME
Personal name Hawking, Stephen,
Dates associated with a name 1942-2018.
9 (RLIN) 43491
650 #0 - SUBJECT ADDED ENTRY--TOPICAL TERM
Topical term or geographic name as entry element Physicists
Geographic subdivision Great Britain
Form subdivision Biography.
9 (RLIN) 51076
650 #0 - SUBJECT ADDED ENTRY--TOPICAL TERM
Topical term or geographic name as entry element Amyotrophic lateral sclerosis
General subdivision Patients
Geographic subdivision Great Britain
Form subdivision Biography.
9 (RLIN) 51077
650 #0 - SUBJECT ADDED ENTRY--TOPICAL TERM
Topical term or geographic name as entry element Cosmology.
650 #0 - SUBJECT ADDED ENTRY--TOPICAL TERM
Topical term or geographic name as entry element People with disabilities.
9 (RLIN) 51078
906 ## - LOCAL DATA ELEMENT F, LDF (RLIN)
a 7
b cbc
c orignew
d 1
e ecip
f 20
g y-gencatlg
942 ## - ADDED ENTRY ELEMENTS (KOHA)
Source of classification or shelving scheme Library of Congress Classification
Koha item type Monograph ( Printed materials)
Holdings
Withdrawn status Lost status Source of classification or shelving scheme Damaged status Not for loan Collection code Home library Current library Shelving location Date acquired Total Checkouts Full call number Barcode Date last seen Price effective from Koha item type
    Library of Congress Classification     Main Collection ARRUPE LIBRARY ARRUPE LIBRARY Main Collection 30/03/2022   QC16.H33 F465 2012 46600008229 30/03/2022 30/03/2022 Monograph ( Printed materials)

 

Arrupe Library. PO Box MP320 Mt Pleasant, Harare, Zimbabwe
263 242 745411|librarian@aju.ac.zw